<?xml version="1.0" encoding="UTF-8"?>
<collection xmlns="http://www.loc.gov/MARC21/slim">
 <record>
  <leader>02114pamaa2200229   4500</leader>
  <controlfield tag="001">0000048781</controlfield>
  <controlfield tag="005">20110223090000.0</controlfield>
  <controlfield tag="008">110217                             eng  </controlfield>
  <datafield tag="020" ind1="0" ind2="0">
   <subfield code="a">9780443101793 (pbk.) </subfield>
  </datafield>
  <datafield tag="090" ind1="0" ind2="0">
   <subfield code="a">RM871 </subfield>
   <subfield code="b">ELE 2008</subfield>
  </datafield>
  <datafield tag="245" ind1="1" ind2="0">
   <subfield code="a">Electrotherapy : </subfield>
   <subfield code="b">evidence-based practice  </subfield>
   <subfield code="c">edited by Tim Watson.</subfield>
  </datafield>
  <datafield tag="250" ind1="0" ind2="0">
   <subfield code="a">12th ed.</subfield>
  </datafield>
  <datafield tag="260" ind1="0" ind2="0">
   <subfield code="a">Edinburgh ; New York: </subfield>
   <subfield code="b">Churchill Livingstone, </subfield>
   <subfield code="c">2008.</subfield>
  </datafield>
  <datafield tag="300" ind1=" " ind2=" ">
   <subfield code="a">xii, 401 p.: </subfield>
   <subfield code="b">ill.; </subfield>
   <subfield code="c">25 cm.</subfield>
  </datafield>
  <datafield tag="440" ind1="0" ind2="0">
   <subfield code="a">Physiotherapy essentials</subfield>
  </datafield>
  <datafield tag="504" ind1="0" ind2="0">
   <subfield code="a">Includes bibliographical references and index</subfield>
  </datafield>
  <datafield tag="505" ind1="0" ind2="0">
   <subfield code="a">Introduction : current concepts and clinical decision making in electrotherapy / Tim Watson -- Electrophysical and thermal principles / Gail ter Haar -- Electrical properties of tissues / Tim Watson -- Tissue repair / Sheila Kitchen and Stephen R. Young -- Sensory and motor nerve activation / Mary Cramp and Oona Scott -- Physiology of pain / Leslie Wood -- Thermal effects / Sheila Kitchen -- Low-energy treatments : non-thermal or microthermal? / Sheila Kitchen and Mary Dyson --  Heat and cold application / Sheila Kitchen -- Pulsed and continuous shortwave therapy / Maryam M. Al-Mandeel and Tim Watson -- Low-intensity laser therapy / G. David Baxter -- Therapeutic ultrasound / Tim Watson and Stephen R. Young -- Introduction to low-frequency currents / Deirdre M. Walsh -- Neuromuscular electrical stimulation : nerve-muscle interaction / Mary Cramp and Oona Scott -- Neuromuscular and muscular electrical stimulation / Suzanne McDonough -- Transcutaneous electrical nerve stimulations (TENS) / Mark I. Johnson -- Interferential currents / Shea Palmer and Denis Martin -- Functional electrical stimulation / David Ewins and Sally Durham -- Electrical stimulation for enhanced wound healing / Tim Watson -- Musculoskeletal ultrasound imaging / John Leddy -- Guidance for the clinical use of electrophysical agents 2006 / Sarah Bazin ... [et al.]</subfield>
  </datafield>
  <datafield tag="650" ind1="0" ind2="0">
   <subfield code="a">Evidence-Based Medicine </subfield>
  </datafield>
  <datafield tag="650" ind1="0" ind2="0">
   <subfield code="a">Electrotherapeutics </subfield>
  </datafield>
  <datafield tag="650" ind1="0" ind2="0">
   <subfield code="a">Electric Stimulation Therapy -- </subfield>
   <subfield code="x">methods </subfield>
  </datafield>
  <datafield tag="700" ind1="1" ind2="1">
   <subfield code="a">Watson, </subfield>
   <subfield code="h">Tim </subfield>
  </datafield>
  <datafield tag="901" ind1=" " ind2=" ">
   <subfield code="u">http://www.elsevierhealth.com</subfield>
  </datafield>
 </record>
</collection>
